00775nam a2200217Ii 45000010005000000030009000050080041000140400033000550410008000880820017000961000022001132450084001352640041002193000012002603360026002723370028002983380027003269400050003539990017004039520137004202440CO-ViMGA241108s9999||||xx |||||||||||||| ||und|| aCO-ViMGAbspaerdacCO-ViMGA0 aspa04a320.986 B34n1 aOlga Behar95089010aNoches de humo:bCómo se planeó y ejecutó la toma del Palacio de Justicia 1aBogotá, Colombia : Presencia, 1988 avolumen atextbtxt2rdacontent aunmediatedbn2rdamedia avolumebnc2rdacarrier aidficha_siabuc: 2392. -- ficha_no_siabuc:2440 c45589d45589 001040708001aMEVIGERRbMEVIGERRcGENd2006-04-20o320.986 B34npECA16869r2024-11-26 09:28:58tEj.1w2024-11-26yBKz2392 | 2844